Restos del imperio colonial en América : (Record no. 156132)
[ view plain ]
| 000 -LEADER | |
|---|---|
| campo de control de longitud fija | 01169nam a2200217 i 4500 |
| 001 - NÚMERO DE CONTROL | |
| campo de control | 156132 |
| 003 - IDENTIFICADOR DE NÚMERO DE CONTROL | |
| campo de control | ES-MaACL |
| 005 - FECHA Y HORA DE LA ÚLTIMA TRANSACCIÓN | |
| campo de control | 20250721134711.0 |
| 008 - DATOS DE LONGITUD FIJA--INFORMACIÓN GENERAL | |
| campo de control de longitud fija | 040728s1895 sp |||| | spa d |
| 100 1# - ENTRADA PRINCIPAL--NOMBRE DE PERSONA | |
| Nombre de persona | Izquierdo, José Alberto. |
| 9 (RLIN) | 128225 |
| 245 10 - MENCIÓN DEL TÍTULO | |
| Título | Restos del imperio colonial en América : |
| Resto del título | memoria leída en el Ateneo de Madrid el día 15 de enero de 1895 / |
| Mención de responsabilidad, etc. | por José Alberto Izquierdo como secretario de la Sección de Ciencias Históricas. |
| 260 ## - PUBLICACIÓN, DISTRIBUCIÓN, ETC. | |
| Lugar de publicación, distribución, etc. | Madrid : |
| Nombre del editor, distribuidor, etc. | [s.n.], |
| Fecha de publicación, distribución, etc. | 1895 ( |
| Fabricante | Estab. Tip. "Sucesores de Rivadeneyra") |
| 300 ## - DESCRIPCIÓN FÍSICA | |
| Extensión | 24 p. ; |
| Dimensiones | 20 cm. |
| 530 ## - NOTA DISPONIBLE DE FORMULARIO FÍSICO ADICIONAL | |
| Nota de formato físico adicional disponible | Disponible en formato digital. |
| 610 24 - PUNTO DE ACCESO ADICIONAL DE MATERIA--NOMBRE DE ENTIDAD CORPORATIVA | |
| Nombre de entidad corporativa o nombre de jurisdicción como elemento de entrada | Ateneo de Madrid. |
| Unidad subordinada | Sección de Ciencias Históricas- |
| Subdivisión de forma | Memorias. |
| 9 (RLIN) | 1982 |
| 651 #4 - PUNTO DE ACCESO ADICIONAL DE MATERIA--NOMBRE GEOGRÁFICO | |
| Nombre geográfico | España- |
| Subdivisión general | Colonias- |
| Subdivisión cronológica | S.XIX |
| 9 (RLIN) | 8176 |
| 852 ## - LOCALIZACIÓN | |
| Ubicación | ES-MaACL |
| Número de control de estantería | T-989-F-5 |
| Nota libre | - Enc. hol., conservando cub. original |
| -- | . - Dedicatoria autógrafa del autor |
| -- | - Enc. en un vol. facticio |
| 852 ## - LOCALIZACIÓN | |
| Ubicación | ES-MaACL |
| Número de control de estantería | T-758-F-6 |
| Nota libre | - Enc. hol., conservando cub. original |
| -- | . - Dedicatoria autógrafa del autor |
| -- | - Enc. en un vol. facticio |
| 856 ## - LOCALIZACIÓN Y ACCESO ELECTRÓNICOS | |
| Identificador Uniforme de Recursos | <a href="https://archive.org/details/restosdelimperi00izqugoog/page/n12 ">https://archive.org/details/restosdelimperi00izqugoog/page/n12 </a> |
| Nota pública | Internet Archive |
| Estatus retirado | Estado de pérdida | Fuente del sistema de clasificación o colocación | Estado de daño | No para préstamo | Colección | Biblioteca de origen | Biblioteca actual | Ubicación en estantería | Fecha de adquisición | Total de préstamos | Signatura topográfica completa | Código de barras | Visto por última vez | Precio de reemplazo | Tipo de ítem Koha | Nota pública |
|---|---|---|---|---|---|---|---|---|---|---|---|---|---|---|---|---|
| Clasificación decimal universal | Colección de folletos | Biblioteca del Ateneo de Madrid | Biblioteca del Ateneo de Madrid | Depósito folletos | 17/01/2008 | T-758-F-6 | 1163342 | 23/02/2023 | 23/02/2023 | Folleto | Dedicatoria autógrafa del autor | |||||
| Clasificación decimal universal | Colección de folletos | Biblioteca del Ateneo de Madrid | Biblioteca del Ateneo de Madrid | Depósito folletos | 17/01/2008 | T-989-F-5 | 1163341 | 23/02/2023 | 23/02/2023 | Folleto | Dedicatoria autógrafa del autor |
